The meteorology and climate of tropical Africa (Record no. 21932)

MARC details
000 -LEADER
fixed length control field 00510nam a22001697a 4500
003 - CONTROL NUMBER IDENTIFIER
control field OSt
005 - DATE AND TIME OF LATEST TRANSACTION
control field 20211208154945.0
008 - FIXED-LENGTH DATA ELEMENTS--GENERAL INFORMATION
fixed length control field 211208b |||||||| |||| 00| 0 eng d
020 ## - INTERNATIONAL STANDARD BOOK NUMBER
International Standard Book Number 3540426361
040 ## - CATALOGING SOURCE
Transcribing agency HU
082 ## - DEWEY DECIMAL CLASSIFICATION NUMBER
Classification number 551.696
100 ## - MAIN ENTRY--PERSONAL NAME
Personal name Marcel Leroux
9 (RLIN) 22248
245 ## - TITLE STATEMENT
Title The meteorology and climate of tropical Africa
260 ## - PUBLICATION, DISTRIBUTION, ETC.
Place of publication, distribution, etc. London
Name of publisher, distributor, etc. Springer ; Chichester
Date of publication, distribution, etc. 2001
300 ## - PHYSICAL DESCRIPTION
Extent xxxiv, 548 pages : illustrations, maps ; + 1 computer optical disc (4 3/4
Other physical details HC
Dimensions 25 cm
942 ## - ADDED ENTRY ELEMENTS (KOHA)
Source of classification or shelving scheme Dewey Decimal Classification
Koha item type Books like text book referance book
Suppress in OPAC No
Holdings
Withdrawn status Lost status Source of classification or shelving scheme Damaged status Not for loan Collection code Home library Current library Shelving location Date acquired Total Checkouts Full call number Barcode Date last seen Copy number Price effective from Koha item type
    Dewey Decimal Classification     Reference Wondo Genet Library Wondo Genet Library General Stacks 12/08/2021   551.696 LER 2001 WGCFNRL000099291 12/08/2021 1 12/08/2021 Books like text book referance book